000 01427nam0a2200325 4500
001 RU\NLR\BIBL_A\011793177
005 20180924112238.0
010 _a978-5-91918-990-9
_91000
021 _aRU
_bКН-П-18-059435
_9КН-П-18-4278
035 _a(NLR Aleph) 011793177
035 _a(RuMoRGB)009713693
090 _a11832995
_c11832995
100 _a20180917d2018 d y0rusy50 ca
101 0 _arus
102 _aRU
105 _ay|||z|||000ay
200 1 _aЖенщина, что ты плачешь...
_e[сборник]
_fВалерий Геворков
205 _aИзд. 2-е, доп.
210 _aСанкт-Петербург
_cРеноме
_d2018
215 _a287 с.
_d17
327 0 _aСодерж.: "Простите, что случилось?"; "Мне это не адо!"; Плачущий смех; Ванечка - лучик в палате; "Некому было поднять... подсказать..."; "Уймитесь! Вы же люди!"; "За что, Господи?"; Чистая душа девочки; Счастье?; Сиротство без сиротства [и др.]
333 _a12+
686 2 _aШ6(2=Р)75-440.5
700 1 _aГеворков
_bВ. А.
_gВалерий Амаякович
942 _cBOOK
980 _aNBR
980 _aNB